000 00779nam a2200229Ia 4500
003 GCL
008 140319s9999 xx 000 0 ara d
040 _aGCL /
_cGCL
082 0 4 _a915.04
_bق ن
100 1 _aالقاياتى : عبدالجواد بن عبداللطيف
245 1 0 _aنفحة البشام فى رحلة الشام /
_cالقاياتى : عبدالجواد بن عبداللطيف
260 _a[S.N] :
_bدار الرائد العربى ،
_c1981
300 _a225 ص
490 _aسلسلة التواريخ والرحلات
_v0
650 0 4 _aالعادات والتقاليد
650 0 4 _aالتراجم
650 0 4 _aالرحلات
650 0 4 _aالشام
650 0 4 _aالجغرافيا
650 0 4 _aوصف ورحلات
942 _2ddc
_cBK
999 _c35477
_d35477